ბათუმის შოთა რუსთაველის სახელმწიფო უნივერსიტეტის ბიბლიოთეკა

Патентоведение. (ბიბ.ჩანაწერი № 37191)

000 -LEADER
fixed length control field 00691nam a2200229Ia 4500
001 - CONTROL NUMBER
control field 3147
003 - CONTROL NUMBER IDENTIFIER
control field GE_BSU
008 - FIXED-LENGTH DATA ELEMENTS--GENERAL INFORMATION
fixed length control field 181216s||||||||xx |||||||||||||| ||und||
040 ## - CATALOGING SOURCE
Transcribing agency GE_BSU
080 ## - UNIVERSAL DECIMAL CLASSIFICATION NUMBER
Universal Decimal Classification number 608.3(075)
100 ## - MAIN ENTRY--PERSONAL NAME
Personal name Артемьев,Е. Богуславский,М.М. Вчерашний,Р.П.
245 ## - TITLE STATEMENT
Title Патентоведение.
245 ## - TITLE STATEMENT
Remainder of title Учебник для вузов.
245 ## - TITLE STATEMENT
Statement of responsibility, etc. Под ред. В.А.Рясенцева.
250 ## - EDITION STATEMENT
Edition statement Изд 3-ое, перераб.и доп.
260 ## - PUBLICATION, DISTRIBUTION, ETC.
Place of publication, distribution, etc. М.
260 ## - PUBLICATION, DISTRIBUTION, ETC.
Name of publisher, distributor, etc. Машиностроение.
260 ## - PUBLICATION, DISTRIBUTION, ETC.
Date of publication, distribution, etc. 1984.
300 ## - PHYSICAL DESCRIPTION
Extent 352 стр. с илл.
653 ## - INDEX TERM--UNCONTROLLED
Uncontrolled term Патентоведение.
942 ## - ADDED ENTRY ELEMENTS (KOHA)
Koha item type წიგნი
ეგზემპლარები
Withdrawn status Lost status Damaged status Not for loan Date acquired Barcode Date last seen Price effective from Koha item type
        2018-12-17 8519 2018-12-17 2018-12-17 წიგნი
        2018-12-17 8520 2018-12-17 2018-12-17 წიგნი
        2018-12-17 8521 2018-12-17 2018-12-17 წიგნი
        2018-12-17 8522 2018-12-17 2018-12-17 წიგნი